00266nam a2200109Ia 4500008004100000245004100041260002200082440000600104521002200110942000700132999001700139140130s9999 xx 000 0 und d cFaith McNultyaDancing With Manatees bScholastic,c1994 v1 aGrade 3 - Grade 4 cBK c40974d40974